[Event "Hunan Belt and Road Open 2019"]
[Site "Hunan"]
[Date "2019.08.02"]
[Round "5.12"]
[White "Li, Di"]
[Black "Narayanan.S.L"]
[Result "1/2-1/2"]
[WhiteElo "2523"]
[BlackElo "2616"]
[Annotator "TA"]
[PlyCount "116"]
[EventDate "2019.07.29"]
[EventType "swiss"]
[EventCountry "CHN"]
[SourceTitle "playchess.com"]
[Source "ChessBase"]
[SourceQuality "1"]

{[%evp 9,116,21,51,43,53,50,57,50,50,52,62,33,58,31,31,40,43,50,53,71,58,0,163,27,22,-3,-10,-14,-12,-31,-30,-29,-35,-37,-44,-35,-33,-46,-4,-37,-30,-38,-33,-54,-29,-87,-103,-88,-91,-132,-122,-120,-116,-91,-97,-95,-94,-92,-89,-93,0,-88,-80,-90,-87,-137,-83,-145,-139,-151,-142,-208,-195,-288,-279,-422,-416,-398,-377,-331,-271,-266,-164,-139,-107,-135,-8,0,0,0,0,0,0,-7,-7,-7,-7,-7,-8,-8,-3,-4,-4,-8,0,0,0,0,-2]} 1. d4 Nf6 2. Nf3 d5 3. c4 e6 4. Nc3 dxc4 5. e4 b5 $146 (5... Bb4 6. Bg5 c5 7. Bxc4 cxd4 8. Nxd4 Bxc3+ 9. bxc3 Qa5 10. Bd2 O-O 11. Qe2 e5 12. Nb3 Qc7 13. O-O Bg4 14. f3 Rc8 15. Bd5 Nxd5 16. exd5 Bh5 17. c4 {1-0 (38) Carlsen,M (2845)-Aronian,L (2763) Karlsruhe/Baden Baden 2019}) 6. e5 {D24: Queen's Gambit Accepted: 3 Nf3 Nf6 4 Nc3} Nd5 7. Nxb5 Nb6 8. Be2 {White is slightly better.} Nc6 9. O-O Be7 10. Qd2 Bb7 11. Rd1 Qd7 12. Qf4 Nb4 13. Nc3 f5 14. exf6 gxf6 15. d5 (15. Qh4 $14) 15... e5 $2 {[#]} (15... N4xd5 $11 16. Nxd5 Bxd5) 16. Qh4 (16. Qg3 $1 $18) 16... O-O-O $11 {[%cal Rb4d5]} 17. Bxc4 Nxc4 18. Qxc4 Nxd5 19. Nxd5 (19. Be3 {with more complications.} Nxe3 20. Rxd7 Nxc4 21. Rxe7 Nxb2 22. Ne1) 19... Bxd5 20. Qa6+ Bb7 21. Rxd7 Bxa6 $40 {[%mdl 128] Black attacks.} 22. Rxd8+ Rxd8 23. Be3 Kb7 24. h3 Rd5 25. g4 Bd3 26. Nh4 c5 27. Rc1 (27. b3 $11 {keeps the balance.}) 27... c4 $17 28. Nf5 Bf8 29. b3 cxb3 30. axb3 a5 31. Ng3 Bg6 32. h4 Ba3 33. Ra1 Bb4 34. Rc1 Ba3 35. Ra1 $1 {[%cal Ra1a3]} Bb2 36. Ra4 {[#]} Bc3 $1 37. h5 Bd3 (37... Bf7 $142 {And now ...Rd1+ would win.} 38. Ne4 Rd1+ {[%mdl 64] Discovered Attack} 39. Kh2 Bb4) 38. h6 (38. Ne4 $142 Bxe4 39. Rxe4) 38... Bb4 39. Ra2 Bg6 40. Kg2 (40. Rb2 $17) 40... Rd3 $19 41. Rb2 (41. g5 $142) 41... Bf7 42. Nh5 (42. Rb1 $142) 42... f5 43. Nf6 f4 44. Bc1 Bg6 ({Less strong is} 44... Bxb3 45. Rxb3 Rxb3 46. g5 $17) 45. Ra2 Rd1 46. Ba3 {and if Bxb4 works, White does fine.} Bc3 {...e4 is the strong threat.} 47. Bb2 Bxb2 ({Black should try} 47... Rd2 $17 48. Bxc3 Rxa2 49. Bxe5 Ra3 50. Bxf4 Rxb3) 48. Rxb2 $17 {[%mdl 4096] Endgame KRB-KRN. The position is equal.} Rd3 49. f3 Kc6 50. Rc2+ Kd6 51. Ra2 Ke6 52. g5 Kf5 53. Rxa5 Rxb3 54. Ng4 {[%csl Gg4][%cal Ra5e5]} Rb2+ 55. Kg1 {[%csl Gg4][%cal Ra5e5]} Kxg5 56. Nxe5 Kxh6 57. Ng4+ Kg7 58. Ra7+ Kf8 {Accuracy: White = 52%, Black = 58%.} 1/2-1/2

[Event "Hunan Belt and Road Open 2019"]
[Site "Hunan"]
[Date "2019.08.02"]
[Round "5.13"]
[White "Lu, Shanglei"]
[Black "Batchuluun, Tsegmed"]
[Result "1/2-1/2"]
[WhiteElo "2619"]
[BlackElo "2535"]
[Annotator "TA"]
[PlyCount "41"]
[EventDate "2019.07.29"]
[EventType "swiss"]
[EventCountry "CHN"]
[SourceTitle "playchess.com"]
[Source "ChessBase"]
[SourceQuality "1"]

{[%evp 12,41,31,0,13,20,23,-5,-2,-4,-13,-6,-3,-17,0,0,77,80,83,81,83,92,99,13,26,14,17,22,27,12,21,14]} 1. e4 e5 2. Bc4 Nf6 3. d3 c6 4. Nf3 d5 5. Bb3 Bb4+ 6. Bd2 Bxd2+ 7. Nbxd2 Nbd7 {C24: Bishop's Opening: 2...Nf6} (7... a5 8. a4 Bg4 9. h3 Bxf3 10. Qxf3 O-O 11. O-O dxe4 12. Nxe4 Nxe4 13. Qxe4 Nd7 14. Qe3 Re8 15. Rae1 Nf6 16. Re2 e4 {½-½ (16) Rapport,R (2731)-Ding,L (2813) Wijk aan Zee 2019}) 8. O-O O-O 9. d4 $146 ({Predecessor:} 9. Re1 Re8 10. exd5 cxd5 11. c4 d4 12. Ba4 b6 13. b4 Bb7 14. Rc1 Rc8 15. Qb3 {½-½ (33) Sethuraman,S (2665)-Nguyen,T (2535) Caleta 2019}) 9... Nxe4 10. Nxe4 dxe4 11. Nxe5 Nxe5 12. dxe5 Qxd1 13. Raxd1 Re8 (13... Bf5 $11) 14. f4 $16 Bf5 15. Kf2 Kf8 16. Ke3 Rad8 17. Rd6 (17. Bc4 $16) 17... Rxd6 $11 18. exd6 Rd8 19. Rd1 Ke8 20. c4 b6 21. Ba4 {Accuracy: White = 43%, Black = 70%.} 1/2-1/2

[Event "Hunan Belt and Road Open 2019"]
[Site "Hunan"]
[Date "2019.08.02"]
[Round "5.14"]
[White "Le, Quang Liem"]
[Black "Peng, Xiongjian"]
[Result "1-0"]
[WhiteElo "2713"]
[BlackElo "2467"]
[Annotator "TA"]
[PlyCount "81"]
[EventDate "2019.07.29"]
[EventType "swiss"]
[EventCountry "CHN"]
[SourceTitle "playchess.com"]
[Source "ChessBase"]
[SourceQuality "1"]

{[%evp 9,81,16,12,16,27,13,15,21,23,0,25,27,26,7,21,28,19,8,22,22,29,0,0,0,0,0,21,27,32,-11,20,0,12,0,10,0,0,0,17,18,11,0,0,0,52,46,46,44,165,150,159,151,156,158,164,103,106,99,96,89,408,407,397,391,386,386,379,379,543,563,793,783,981,952]} 1. c4 Nf6 2. Nc3 d6 3. g3 g6 4. b4 (4. Bg2 Bg7 5. e4 O-O 6. Nge2 c6 7. O-O a6 8. d4 b5 9. cxb5 axb5 10. e5 Ne8 11. Nxb5 Ba6 12. Nbc3 dxe5 13. dxe5 Qxd1 14. Rxd1 Bxe5 15. Bf4 Bxe2 16. Nxe2 Bxf4 17. Nxf4 {1-0 (54) Harikrishna,P (2744)-Rakhmanov,A (2653) Riadh 2017}) 4... a5 5. b5 Bg7 6. Bg2 {A16: English Opening: 1...Nf6 with ...d5} O-O 7. Bb2 $146 ({Predecessor:} 7. e3 e5 8. Nge2 Nbd7 9. Ba3 e4 10. Rc1 {0-1 (36) Bulcourf,C (2205)-Llanos,G (2385) Buenos Aires 1991}) 7... Nbd7 8. Rc1 {The position is equal.} e5 9. Nf3 Re8 10. O-O e4 11. Nd4 Nc5 12. d3 exd3 13. exd3 Bg4 14. Qc2 Qd7 15. Ne4 (15. f3 $5 {[%cal Rf3g4]} Bh3 16. Ne4 $11) 15... Bh3 16. f3 Bxg2 17. Kxg2 Qe7 18. Rce1 {Threatens to win with Nxc5.} Qf8 19. Bc3 Nfd7 (19... d5 $5 {[%cal Rd5e4]} 20. Nxc5 Qxc5 $11) 20. Nb3 Bxc3 21. Nbxc5 dxc5 22. Nxc3 Nf6 23. Qf2 Qd6 24. Ne4 Nxe4 25. dxe4 Rad8 26. Rd1 $1 $36 {[%cal Rd1d6][%mdl 2048] White fights for an advantage.} Qxd1 (26... Qe5 $11) 27. Rxd1 $14 Rxd1 28. Qxc5 $11 {[%mdl 4096] Endgame KQ-KRR} Rd7 ({Better is} 28... Rd2+ $14 29. Kh3 c6) 29. Kh3 $1 $18 Re6 30. Qa7 $1 {[%cal Ra7b7]} b6 31. c5 Rde7 {[#]} 32. Qa8+ ({White should try} 32. g4 $1 $18) 32... Kg7 $16 33. Qd5 f6 34. Qd4 c6 $2 {[%mdl 8192] [#]} (34... h5 $16) 35. Qd8 $1 $18 {And now bxc6 would win.} Re8 36. Qd7+ R6e7 37. Qxc6 bxc5 38. a4 Re5 (38... g5 $142 39. g4 Rd8 40. Qxc5 Rdd7) 39. Qc7+ {White is clearly winning.} Kh6 40. b6 R8e7 41. Qc8 {Accuracy: White = 66%, Black = 53%.} 1-0

[Event "Hunan Belt and Road Open 2019"]
[Site "Hunan"]
[Date "2019.08.02"]
[Round "5.15"]
[White "Khademalsharieh, Sarasadat"]
[Black "Najer, Evgeniy"]
[Result "1-0"]
[WhiteElo "2481"]
[BlackElo "2678"]
[Annotator "TA"]
[PlyCount "105"]
[EventDate "2019.07.29"]
[EventType "swiss"]
[EventCountry "CHN"]
[SourceTitle "playchess.com"]
[Source "ChessBase"]
[SourceQuality "1"]

{[%evp 23,105,34,32,42,33,24,32,35,19,-5,0,-18,79,62,60,67,45,74,64,62,56,43,53,55,71,31,70,89,81,57,79,69,50,62,73,45,138,143,143,154,198,198,198,198,182,155,163,158,173,172,179,172,172,172,176,182,180,139,182,182,186,181,161,112,128,116,121,116,120,92,92,58,56,0,92,85,92,69,69,69,69,69,698,660]} 1. d4 Nf6 2. c4 g6 3. g3 Bg7 4. Bg2 O-O 5. Nc3 d6 6. Nf3 Nbd7 7. O-O e5 8. e4 c6 9. h3 Re8 10. Re1 exd4 11. Nxd4 Qb6 12. Nc2 Nc5 13. b4 {E69: King's Indian: Fianchetto: 6...Nbd7 7 0-0 e5 8 e4 c6 9 h3} ({Much weaker is} 13. Qxd6 Rd8 $17) 13... Ncd7 14. Be3 $146 (14. Qxd6 Ne5 15. c5 Qa6 16. Bf4 Nh5 17. Bf1 Nc4 18. Qd3 Bxh3 19. Bxh3 Rad8 20. Nd5 Nxf4 21. gxf4 Bxa1 22. Rxa1 cxd5 23. exd5 {0-1 (36) Laznicka,V (2675)-Rapport,R (2713) Novy Bor 2014}) 14... Qd8 15. Nd4 {White is slightly better.} Ne5 16. Qb3 a5 {aiming for ...axb4.} 17. a3 Nd3 (17... Qe7 $11 {remains equal.}) 18. Red1 $36 {[%mdl 2048] White has the initiative.} axb4 19. axb4 Rxa1 20. Rxa1 c5 21. bxc5 Nxc5 22. Qc2 Bd7 23. Rd1 Qe7 {[%cal Rf6e4]} 24. Ndb5 Bxb5 25. cxb5 Qe6 26. b6 {Hoping for Nb5.} Rc8 27. Nd5 Nxd5 28. Rxd5 h5 29. h4 Rc6 {[#]} (29... Bf8 $14) 30. e5 $1 $16 ({Don't play} 30. Bxc5 $6 dxc5 31. e5 Rxb6 $11) 30... Nd7 31. Qd1 {[%cal Rd5d6]} Bxe5 {[#]} 32. Rd3 $1 Rxb6 33. Bxb6 Nxb6 34. Bxb7 Qe7 35. Bg2 Nd7 36. Rb3 {Black must now prevent Rb7.} Nf6 37. Bf3 Qe6 38. Kg2 Kg7 39. Rb7 Qf5 40. Qb3 Ng4 41. Qd5 Nh6 42. Be4 Qf6 43. Rb3 Ng4 44. f3 Nh6 45. Qd2 Qe6 46. Rd3 Qc4 47. Bd5 Qc5 48. Be4 Qc4 $1 49. Ra3 Qc7 50. Rb3 d5 51. Qxd5 {And now Rb5 would win.} Bxg3 52. Rb7 Qf4 $2 {[%mdl 8192]} (52... Qe5 $14) 53. Qg5 {Accuracy: White = 61%, Black = 61%.} 1-0

[Event "Hunan Belt and Road Open 2019"]
[Site "Hunan"]
[Date "2019.08.02"]
[Round "5.16"]
[White "Oleksiyenko, Mykhaylo"]
[Black "Taher, Yoseph Theolifus"]
[Result "1/2-1/2"]
[WhiteElo "2600"]
[BlackElo "2460"]
[Annotator "TA"]
[PlyCount "102"]
[EventDate "2019.07.29"]
[EventType "swiss"]
[EventCountry "CHN"]
[SourceTitle "playchess.com"]
[Source "ChessBase"]
[SourceQuality "1"]

{[%evp 15,102,33,28,25,36,10,24,0,29,24,23,21,22,11,11,12,10,10,18,11,15,19,38,26,31,24,27,20,24,18,26,10,10,10,25,27,34,28,31,33,29,31,31,28,31,29,33,22,27,27,28,28,34,28,35,22,28,26,35,29,41,16,16,16,20,16,54,40,37,0,0,0,7,0,0,0,137,0,0,0,40,0,0,0,0,0,0,0,151]} 1. e4 e5 2. Nf3 Nf6 3. Nxe5 d6 4. Nf3 Nxe4 5. Nc3 Nxc3 6. dxc3 Be7 7. Be3 Nc6 8. Qd2 Be6 9. O-O-O {C42: Petroff Defence: 3 Nxe5 and unusual White 3rd moves} Qd7 ({Wrong is} 9... Bxa2 $2 10. b3 $18) 10. b3 a6 11. Ng5 {White has an edge.} Bxg5 (11... Bf5 {is more complex.} 12. Kb1 O-O 13. f3 Ne5 14. Bd4 Nc6) 12. Bxg5 f6 13. Be3 O-O-O {[#]} 14. h4 $146 ({Predecessor:} 14. h3 Qf7 15. Be2 h5 16. Rhe1 Rhe8 17. f3 Qg6 {½-½ (69) Topalov,V (2757)-Anand,V (2786) Linares 2005}) 14... h5 15. Be2 Bg4 16. f3 Be6 17. Rhe1 Rhe8 18. c4 Bf7 19. Bf1 Re7 20. Bf2 Rxe1 21. Rxe1 Re8 22. Rxe8+ Qxe8 23. Qe3 Qxe3+ 24. Bxe3 $11 {[%mdl 4096] Endgame KBB-KBN} Ne5 25. c5 d5 26. Kd2 Kd7 27. Kc3 Bg6 28. Be2 Bf5 29. Bd1 Ke6 30. Bf4 Kd7 31. a4 Ng6 32. Bg3 Be6 33. Be2 Ne7 34. Bf2 Ng6 35. b4 Nf4 36. Bf1 c6 37. Bg3 Ng6 $1 38. b5 axb5 39. axb5 Bf5 40. Kd2 (40. Be2 {is interesting.} Ke6 41. b6 Nf8 42. Bf2 g5 43. g3) 40... Ne5 41. Bxe5 $1 fxe5 $14 {KB-KB} 42. c3 Ke7 43. Ke3 Bd7 44. b6 Kf6 $1 45. f4 g6 {[#]} (45... Bg4 $11 {remains equal.}) 46. Bd3 (46. g3 $1 $16) 46... Bf5 $11 {aiming for ...exf4+.} 47. Be2 Bd7 48. Ba6 Bc8 {The position is equal.} 49. Bd3 {Black must now prevent fxe5+.} Bf5 50. Ba6 Bc8 51. Bd3 {[#] Threatens to win with fxe5+.} e4 $2 {Accuracy: White = 46%, Black = 64%.} ({Black should play} 51... Bf5 $11 52. Ba6 Bc8) 1/2-1/2

[Event "Hunan Belt and Road Open 2019"]
[Site "Hunan"]
[Date "2019.08.02"]
[Round "5.17"]
[White "Ju, Wenjun"]
[Black "Zhu, Jiner"]
[Result "1/2-1/2"]
[WhiteElo "2595"]
[BlackElo "2454"]
[Annotator "TA"]
[PlyCount "126"]
[EventDate "2019.07.29"]
[EventType "swiss"]
[EventCountry "CHN"]
[SourceTitle "playchess.com"]
[Source "ChessBase"]
[SourceQuality "1"]

{[%evp 18,126,8,6,15,21,0,0,8,12,64,51,54,56,50,57,71,59,59,55,91,101,93,89,151,142,152,152,148,141,148,157,143,112,111,111,104,6,2,-9,-8,-10,8,8,10,8,16,16,16,16,16,16,52,56,53,41,43,44,44,44,44,44,43,43,43,37,37,39,46,12,100,91,97,106,99,37,44,47,60,0,0,0,0,0,0,0,0,0,0,-108,-8,-8,0,0,0,0,0,0,0,0,0,0,0,0,0,0,0,0,0,0,0]} 1. d4 Nf6 2. c4 e6 3. g3 d5 4. Bg2 Bb4+ 5. Bd2 Be7 6. Nf3 O-O 7. O-O c6 8. Qc2 Nbd7 9. Rd1 b6 10. Bf4 Ba6 {E08: Closed Catalan: Main Line: 7 Qc2} 11. cxd5 cxd5 12. Ne5 Nxe5 13. dxe5 Nh5 (13... Ng4 $11) (13... Ng4 14. h3 g5 15. Bxg5 Nxe5 16. Bxe7 Qxe7 17. e4 dxe4 18. Qxe4 {½-½ (32) Yu,Y (2751)-Ding,L (2809) Shenzhen 2019}) 14. Be3 $1 $14 f5 15. Nc3 {[#] Strongly threatening Qa4.} f4 $146 ({Predecessor:} 15... Qe8 16. Bd4 Rc8 17. e3 g6 18. a4 {1-0 (41) Tkachiev,V (2645)-Tukmakov,V (2605) Porec 1998}) 16. Bd4 $1 g6 $1 17. e4 $36 {[%cal Re4d5][%mdl 2048] White has the initiative.} fxe3 $1 18. fxe3 Ng7 19. e4 dxe4 20. Nxe4 {aiming for Nf6+.} Nf5 (20... Rc8 $142 21. Bc3 Qc7) 21. Bf2 $1 $16 Qc8 22. Qxc8 Raxc8 23. Rd7 Rf7 24. Rxa7 Bd3 25. Rd1 Be2 26. Re1 Rc2 27. Nc3 (27. a4 $16) 27... Bc4 $11 {And now ...Rxf2! would win.} 28. Be4 Rxb2 29. Rb1 Rxb1+ (29... Rxf2 $5 30. Ra8+ $8 Kg7 31. Kxf2 Bc5+ 32. Kg2 Ne3+ 33. Kh1 Bd4 $15) 30. Bxb1 Nh6 31. h3 Bb4 32. Ra4 Bxc3 33. Rxc4 Bxe5 34. Re4 ({Don't blunder} 34. Bxb6 $2 Rb7 $19) 34... Bc7 35. Rxe6 Rd7 36. Bc2 Nf5 37. Bb3 Kf8 38. g4 Nd4 39. Rf6+ Ke8 $1 40. Bc4 b5 41. Bf1 Ke7 42. Ra6 Be5 43. Ra5 Rd5 {[#]} (43... Rc7 $11) 44. a4 $1 $16 {[%cal Ra4b5]} Bc7 45. Ra7 Kd8 46. Bg2 (46. Ra8+ $16 Kd7 47. axb5) 46... Rd6 $1 $14 47. Ra8+ Kd7 48. a5 (48. axb5 $14 Nxb5 49. Rh8) 48... Ne2+ $11 49. Kf1 Nf4 {Threatens to win with ...Rd1+.} 50. Be3 Nxg2 51. Kxg2 {[%mdl 4096] Endgame KRB-KRB} Kc6 52. a6 {Black must now prevent a7.} Bb6 53. Bf4 {[#]} (53. Bxb6 $11 {remains equal.} Kxb6 54. a7) 53... Rf6 ({Black should try} 53... Rd8 $1 $17 {[%cal Rd8a8]} 54. Rxd8 Bxd8) 54. Rc8+ {The position is equal.} Kd7 55. Rb8 Rxf4 56. Rxb6 {KR-KR} Ra4 57. Rxb5 (57. Kg3 {looks sharper.} Kc7 58. Rxb5 Rxa6 59. Rb3 Kd6 60. Re3) 57... Rxa6 58. Rb7+ Ke6 59. Rxh7 Kf6 60. Rb7 Kg5 61. Rb5+ Kh4 62. g5 Ra3 63. Rb4+ Kxg5 {Accuracy: White = 72%, Black = 68%.} 1/2-1/2

[Event "Hunan Belt and Road Open 2019"]
[Site "Hunan"]
[Date "2019.08.02"]
[Round "5.18"]
[White "Zhao, Yuanhe"]
[Black "Wen, Yang"]
[Result "1/2-1/2"]
[WhiteElo "2448"]
[BlackElo "2586"]
[Annotator "TA"]
[PlyCount "42"]
[EventDate "2019.07.29"]
[EventType "swiss"]
[EventCountry "CHN"]
[SourceTitle "playchess.com"]
[Source "ChessBase"]
[SourceQuality "1"]

{[%evp 9,42,-14,-15,-4,0,0,0,-20,-14,-16,0,0,0,-16,-10,-14,-14,-21,-17,-17,-18,-10,-11,-16,0,0,40,44,38,47,39,0,0,0,0]} 1. Nf3 c5 2. g3 Nc6 3. Bg2 g6 4. c3 e5 5. d4 cxd4 6. cxd4 {A04: Unusual lines after 1 Nf3 and King's Indian Attack} e4 $1 {[%cal Re4f3]} 7. Ne5 d5 8. Nxc6 bxc6 9. Nc3 Bg7 10. O-O Ne7 11. Bg5 (11. Na4 Nf5 12. e3 {1-0 (40) Ivanchuk,V (2710)-Gelfand,B (2703) Jerusalem 2018}) 11... h6 12. Bxe7 $1 Qxe7 13. e3 h5 $146 ({Predecessor:} 13... O-O 14. Rc1 Bd7 15. Na4 Rfb8 16. Qd2 {1-0 (68) Azaladze,S (2499)-Doric,N (2316) Novi Sad 2014}) 14. Qa4 Bd7 15. b4 {[%cal Bb2b4,Bb4b5,Bb5c6][%mdl 32]} O-O 16. Qa5 Rfb8 {[#]} 17. b5 $1 {[%mdl 512] Threatening bxc6.} Be6 ({Much worse is} 17... cxb5 $6 18. Nxd5 Qd8 19. Qxd8+ Rxd8 20. Bxe4 $16) 18. bxc6 Qb4 $1 {[%cal Rb4a5]} 19. Qxb4 Rxb4 20. Rfc1 Rc8 $1 21. Rab1 Rc4 {Accuracy: White = 71%, Black = 64%.} 1/2-1/2

[Event "Hunan Belt and Road Open 2019"]
[Site "Hunan"]
[Date "2019.08.02"]
[Round "5.19"]
[White "Xu, Xiangyu"]
[Black "Batsiashvili, Nino"]
[Result "1-0"]
[WhiteElo "2585"]
[BlackElo "2433"]
[Annotator "TA"]
[PlyCount "43"]
[EventDate "2019.07.29"]
[EventType "swiss"]
[EventCountry "CHN"]
[SourceTitle "playchess.com"]
[Source "ChessBase"]
[SourceQuality "1"]

{[%evp 19,43,0,22,22,47,-22,-2,-59,-52,-61,-62,-107,-118,-109,0,0,0,0,126,130,319,313,1031,-14,964,968]} 1. e4 e5 2. Nf3 Nc6 3. d4 exd4 4. Nxd4 Nf6 5. Nxc6 bxc6 6. e5 Qe7 7. Qe2 Nd5 8. c4 Nb6 9. Nc3 Qe6 10. Qe4 Bb4 11. Bd2 {C45: Scotch Game} Ba6 {[%cal Ra6c4]} 12. c5 (12. b3 $1 $14) (12. b3 Bxc3 13. Bxc3 d5 14. Qh4 dxc4 15. Rc1 Qg6 16. g3 O-O 17. Be2 c5 18. O-O Bb7 19. bxc4 Rad8 20. Rcd1 Rxd1 21. Rxd1 Qc2 22. Rd8 {½-½ (22) Motylev,A (2660)-Jakovenko,D (2712) Poikovsky 2016}) 12... Nc4 $11 {[%mdl 64] Double Attack} 13. f4 $146 (13. Bxc4 $1 $11 Qxc4 14. Qxc4 Bxc4 15. b3) ({Predecessor:} 13. Bxc4 Bxc4 14. b3 Bxc3 15. Bxc3 Bd5 16. Qe2 Bxg2 17. Rg1 Qd5 18. Rd1 Qxc5 {½-½ (58) Ibrahimova,S (2271)-Cornette,D (2369) Konya 2015}) 13... Nxd2 $15 14. Kxd2 Bxf1 15. Qxb4 Bxg2 {White must now prevent ...a5.} 16. Rhg1 {[#]} Qh3 ({Black should play} 16... a5 $1 $17 {[%cal Ra5b4]} 17. Qd4 (17. Qb7 O-O $17) 17... Rb8) 17. Qd4 $1 $11 O-O ({Avoid the trap} 17... Qxh2 $2 18. Qf2 $18) 18. Rae1 $1 {[%cal Re1e3]} f6 (18... Rab8 $11 19. Kc1 Bd5) 19. Re2 $36 {[%mdl 2048] White is in control.} Bf1 $2 (19... Bf3 $16 20. exf6 (20. Rg3 Qh5 $16) 20... g6) 20. exf6 $18 Bxe2 $2 (20... Rf7) 21. Rxg7+ {[%mdl 64] Double Attack} Kh8 {[#] Strongly threatening ...Ba6.} 22. Rg3 $1 ({And not} 22. Nxe2 Qh6 $11) 1-0

[Event "Hunan Belt and Road Open 2019"]
[Site "Hunan"]
[Date "2019.08.02"]
[Round "5.20"]
[White "Xiang, Zeyu"]
[Black "Lagno, Kateryna"]
[Result "1/2-1/2"]
[WhiteElo "2447"]
[BlackElo "2549"]
[Annotator "TA"]
[PlyCount "85"]
[EventDate "2019.07.29"]
[EventType "swiss"]
[EventCountry "CHN"]
[SourceTitle "playchess.com"]
[Source "ChessBase"]
[SourceQuality "1"]

{[%evp 9,85,0,2,17,10,14,29,0,0,0,0,0,0,0,0,-54,-45,-48,-39,-29,-35,-31,0,0,83,93,85,82,85,76,78,85,90,74,76,50,45,45,52,4,4,4,15,10,7,0,0,0,0,0,0,0,0,0,0,0,0,0,0,0,0,0,0,0,0,0,0,0,0,0,0,0,0,0,0,0,0,0]} 1. d4 Nf6 2. c4 g6 3. f3 c5 4. dxc5 e6 5. Be3 b6 6. cxb6 {E60: King's Indian: Unusual lines and Fianchetto Variation without Nc3} axb6 7. Bf2 $146 ({Predecessor:} 7. Bg5 h6 8. Bh4 d5 9. cxd5 exd5 10. e3 Bc5 11. Bb5+ {1-0 (53) Shankland,S (2722)-Svidler,P (2756) Hoogeveen 2018}) 7... Bc5 8. Bxc5 {White has an edge.} bxc5 9. Qd6 Qe7 10. Qxe7+ Kxe7 11. e4 d5 $1 12. Nd2 (12. exd5 $11 exd5 13. cxd5) 12... dxe4 $1 $15 13. fxe4 Bb7 14. Bd3 Rd8 15. Ke2 Ng4 16. Ngf3 Rxd3 (16... Nd7 $11 {keeps the balance.}) 17. Kxd3 $16 {Hoping for Kc3.} Nf2+ {[%mdl 64] [#] Double Attack} 18. Ke3 Nxh1 19. a3 Nd7 20. Rxh1 f5 21. Re1 Rb8 22. exf5 gxf5 23. b3 Kf6 24. g3 Bxf3 {The position is equal.} 25. Kxf3 $11 {[%mdl 4096] Endgame KRN-KRN} Ne5+ 26. Ke2 Nc6 27. Kd3 Ra8 28. Nb1 e5 29. Kc3 Rd8 30. Nd2 e4 31. Re3 Ne5 32. b4 cxb4+ 33. axb4 Rxd2 {[%mdl 64] [#] Remove Defender, Decoy} 34. Kxd2 Nxc4+ 35. Ke2 {Black must now prevent Rc3.} Nxe3 36. Kxe3 {Threatens to win with g4! K3P-K3P} Ke5 37. b5 {[%cal Bb4b5,Bb5b6][%mdl 32]} h5 38. h3 Kd5 39. b6 Kc6 40. g4 fxg4 41. hxg4 hxg4 {( -> ...g3)} 42. Kxe4 Kxb6 43. Kf4 {Accuracy: White = 75%, Black = 86%.} 1/2-1/2

[Event "Hunan Belt and Road Open 2019"]
[Site "Hunan"]
[Date "2019.08.02"]
[Round "5.21"]
[White "Xu, Minghui"]
[Black "Zhao, Zong-Yuan"]
[Result "0-1"]
[WhiteElo "2401"]
[BlackElo "2529"]
[Annotator "TA"]
[PlyCount "104"]
[EventDate "2019.07.29"]
[EventType "swiss"]
[EventCountry "CHN"]
[SourceTitle "playchess.com"]
[Source "ChessBase"]
[SourceQuality "1"]

{[%evp 12,116,8,8,15,-5,12,6,14,14,15,5,33,24,41,25,21,0,20,12,51,17,72,45,57,50,64,9,100,31,73,73,77,53,47,50,78,72,102,88,126,-31,-28,-24,-33,-39,-30,-123,-35,-61,-60,-57,0,0,0,-60,-64,-73,-69,-124,-113,-122,-125,-122,-132,-127,-140,-120,-101,-248,-241,-414,-401,-300,-213,-359,-350,-570,-573,-599,-528,-517,-283,-286,-222,-708,-706,-673,-650,-706,-687,-623,-282,-282,-282,-255,-202,-442,-446,-393,-365,-275,-143,-864,-863,-894,-864]} 1. Nf3 d5 2. g3 Nf6 3. Bg2 c6 4. O-O Bg4 5. d3 Nbd7 6. h3 Bh5 7. c4 e6 {A07: Réti Opening: New York and Capablanca Systems} 8. Qb3 (8. cxd5 cxd5 9. Qb3 Nc5 10. Qb5+ Qd7 11. Nc3 a6 12. Qxd7+ Ncxd7 {1-0 (54) Meier,G (2639)-Dreev,A (2649) chess.com INT 2018}) 8... Nc5 $146 ({Predecessor:} 8... Qb6 9. Qc2 Be7 10. cxd5 cxd5 11. e4 O-O 12. Nc3 Rfc8 13. Be3 Qa6 14. g4 Bg6 15. Nh4 dxe4 16. Nxg6 hxg6 17. dxe4 {½-½ (60) Rotstein,A (2510)-Sandhoefner,F (2227) Latschach 2012}) 9. Qc2 Bd6 {The position is equal.} 10. b4 Ncd7 11. c5 Bc7 12. Bb2 O-O 13. a4 e5 14. e4 Re8 15. Nbd2 a6 16. Rfe1 h6 (16... dxe4 $11 17. dxe4 a5) 17. Rac1 Bg6 18. Qb3 Bh7 19. Re2 (19. a5 $14) 19... Qb8 (19... a5 $11 {keeps the balance.}) 20. Nh4 (20. exd5 $16 {And now d6 would win.} cxd5 21. Qa3) 20... g5 21. Nhf3 d4 22. Ba3 Bg6 23. Nc4 Re6 24. Rb2 Qa7 25. Qc2 Bd8 26. Ncxe5 $2 (26. h4 $16) 26... Nxe5 $15 27. Nxd4 Re8 28. f4 Ned7 29. e5 (29. Qf2 $11) 29... Nd5 (29... Nh5 $17 30. Ne2 (30. f5 Bh7 $17) 30... gxf4 31. gxf4 f6 32. Qc4+ Bf7) 30. Bxd5 cxd5 31. Qb3 Nxe5 (31... Qb8 $15 32. Re2 (32. Qxd5 Bc7 $15) 32... Bc7) 32. fxe5 $11 Rxe5 {Threatens to win with ...Re3.} 33. Re2 ({Better is} 33. Rf1 $11) 33... Qb8 $15 34. Bb2 {[#] Hoping for Nc6!} Bf6 $1 35. c6 ({White should try} 35. Kh2 $15) 35... Rxe2 $17 {[%mdl 64] Discovered Attack} 36. Nxe2 {Strongly threatening cxb7.} Bxb2 37. Qxb2 bxc6 38. Rxc6 Qe8 ({Weaker is} 38... Bxd3 39. Rxh6 Bh7 40. Qd4 $16) 39. Nd4 Qe3+ 40. Qf2 (40. Kh2 $17 {was the only chance.}) 40... Qxd3 $19 41. Rc5 $2 (41. Kh2) 41... Qb1+ 42. Kh2 Qxb4 43. Nc6 (43. Rxd5 {was forced.} Qxa4 44. Nf5) 43... Qe4 (43... Qxa4 $2 44. Ne7+ Kg7 45. Nxg6 $17) 44. Rxd5 $2 (44. Qd2 {was worth a try.}) 44... Rc8 45. Qf6 Qe2+ 46. Kg1 {intending Ne7+.} Re8 {( -> ...Qe1+)} 47. Re5 Qd1+ $40 {[%mdl 128] Black attacks with force.} 48. Kh2 $2 (48. Qf1 Qd7 49. Qf6 Rxe5 50. Nxe5 Qd4+ 51. Kh2) 48... Qc2+ 49. Kg1 Qc1+ 50. Kh2 Qb2+ 51. Kg1 Rxe5 (51... Kh7 $142 52. a5 Rc8) 52. Nxe5 Qa1+ {Played: Qb2-d4} 0-1